Realizing brand india : (Record no. 133582)

MARC details
000 -LEADER
fixed length control field 00838nam a22002537a 4500
003 - CONTROL NUMBER IDENTIFIER
control field dpl
005 - DATE AND TIME OF LATEST TRANSACTION
control field 20180630172915.0
008 - FIXED-LENGTH DATA ELEMENTS--GENERAL INFORMATION
fixed length control field 180522b xxu||||| |||| 00| 0 eng d
010 ## - LIBRARY OF CONGRESS CONTROL NUMBER
LC control number B-163403
020 ## - INTERNATIONAL STANDARD BOOK NUMBER
Terms of availability 00.00
035 ## - SYSTEM CONTROL NUMBER
System control number B-163403, B-163407, B-163404
037 ## - SOURCE OF ACQUISITION
Source of stock number/acquisition Cen Lib/Ret
040 ## - CATALOGING SOURCE
Original cataloging agency DPL
Language of cataloging EN
Transcribing agency 0
082 ## - DEWEY DECIMAL CLASSIFICATION NUMBER
Classification number 954
Item number REA
245 ## - TITLE STATEMENT
Title Realizing brand india :
Statement of responsibility, etc edited by Sharif D. Rangnekar; illustrated by E P Unny
Remainder of title the changing face of contemporary india /
260 ## - PUBLICATION, DISTRIBUTION, ETC. (IMPRINT)
Place of publication, distribution, etc New Delhi
Name of publisher, distributor, etc Rupa & Co.
Date of publication, distribution, etc 2005
270 ## - ADDRESS
City New Delhi
Address 7/16, ansari road, dariya ganj
Postal code 110002
300 ## - PHYSICAL DESCRIPTION
Extent xxix, 188p.:
Dimensions 19cm(Hb)
Other physical details ill.
650 ## - SUBJECT ADDED ENTRY--TOPICAL TERM
Topical term or geographic name as entry element Indian industries
9 (RLIN) 25911
650 ## - SUBJECT ADDED ENTRY--TOPICAL TERM
Topical term or geographic name as entry element Liberalization
9 (RLIN) 38344
700 ## - ADDED ENTRY--PERSONAL NAME
Personal name Rangekar, Sharif D.
9 (RLIN) 38340
700 ## - ADDED ENTRY--PERSONAL NAME
Personal name Unny, E P
9 (RLIN) 38341
942 ## - ADDED ENTRY ELEMENTS (KOHA)
Source of classification or shelving scheme Dewey Decimal Classification
Koha item type English Books
Classification part 954
Call number suffix REA
Holdings
Withdrawn status Lost status Damaged status Not for loan Home library Current library Date acquired Source of acquisition Cost, normal purchase price Total Checkouts Full call number Barcode Date last seen Date checked out Copy number Cost, replacement price Price effective from Koha item type Source of classification or shelving scheme Collection code
        Central Library Central Library 27/07/2015 Cen Lib/Ret 0.00 2 954 REA B-163403 27/08/2024 13/08/2024 1 0.00 27/07/2015 English Books    
        Patel Nagar Patel Nagar 30/06/2018 BPPD/Pub 0.00   954 REA B-163404 30/06/2018   1 0.00 30/06/2018 English Books Dewey Decimal Classification Non-fiction
        Shahdara Branch Shahdara Branch 22/05/2018 BPPD/PUB 395.00   954 REA B-163407 22/05/2018     395.00 22/05/2018 English Books Dewey Decimal Classification Non-fiction

© Delhi Public Library
Hit Counter
free hit counter